000 01405nam2a22002891 4500
001 v19\rc\1599219
005 20260406093322.0
035 _a(NLR Aleph) 005228732
090 _a5582256
_c5582256
100 _a20061002d1896 |||y0rusy50 ca
101 1 _arus
_cfre
_cfre
102 _aRU
105 _ay z |||a|
200 1 _aГорио
_eРоман
_fПер. Н.И. Ясинского
_aРассказы
_fПер. Д.В. Аверкиева
210 _d1896
_aБ. м.
215 _a311 с.
461 0 _1001v19\rc\1599218
_12001#$aСобрание сочинений Бальзака ...$f[Ред. Ф.И. Булгаков]. Т. II-XX$vТ. I
_94780964
_aБальзак, О. де (1799-1850)
_cСанкт-Петербург
_d1896-1899
_f[Ред. Ф.И. Булгаков]. Т. II-XX
_nГ.Ф. Пантелеев
_p19 т.
_tСобрание сочинений Бальзака ...
_vТ. I
702 1 _4730
_8rus
_7ca
_aЯсинский
_bИ. И.
_f1850-1931
_gИероним Иеронимович
_3RU\NLR\AUTH\7717199
_9289
702 1 _4730
_8rus
_7ca
_aАверкиев
_bД. В.
_f1836-1905
_gДмитрий Васильевич
_3RU\NLR\AUTH\7765715
_948644
801 2 _aRU
_bNLR
_c20081217
_2rusmarc
801 0 _aRU
_bNLR
_c20061002
_gpsbo
801 0 _aRU
_bRuMoRGB
_c20061002
_2psbo
801 1 _aRU
_bProSoft-M
_c20061002
_2rusmarc
852 _aNLR
_j18.243.6.11(1-20)
852 _aNLR
_j130/7458
942 _cBOOK
980 _aNB